| 000 | 00438nam a22001817a 4500 | ||
|---|---|---|---|
| 999 |
_c532257 _d532257 |
||
| 003 | NUST | ||
| 005 | 20191114153434.0 | ||
| 008 | 191114b ||||| |||| 00| 0 eng d | ||
| 020 | _a9780756613860 | ||
| 024 | _a978-0756613860 | ||
| 038 | _aMSOHAIL | ||
| 082 | _a0 | ||
| 100 |
_aBrian Lane _925638 |
||
| 245 | _aEyewitness Books: Crime and Detection | ||
| 260 |
_bNewYork _cAlfred A. Knopf _aN.D |
||
| 300 | _aP;64 | ||
| 942 |
_2ddc _cBK |
||